Top 100 Artists of the 2010's - Statistics

General Stats
  • This quiz has been taken 909 times
  • The average score is 38 of 100
Answer Stats
Hint Answer % Correct
2 Taylor Swift
88%
3 Rihanna
85%
1 Drake
84%
8 Justin Bieber
83%
23 Beyoncé
80%
4 Katy Perry
79%
15 Eminem
76%
6 Ariana Grande
74%
11 Bruno Mars
73%
5 Ed Sheeran
73%
21 Lady Gaga
72%
13 One Direction
72%
14 Adele
69%
20 Kanye West
69%
16 Nicki Minaj
67%
10 Maroon 5
63%
9 The Weeknd
62%
33 Selena Gomez
61%
27 Justin Timberlake
60%
69 Cardi B
59%
42 Coldplay
53%
28 Pitbull
53%
99 Harry Styles
52%
49 Kendrick Lamar
52%
39 Shawn Mendes
52%
76 Billie Eilish
49%
74 Britney Spears
49%
37 Kesha
49%
48 Miley Cyrus
49%
7 Post Malone
49%
80 Camila Cabello
48%
55 Sia
47%
19 David Guetta
46%
35 Travis Scott
46%
30 Usher
46%
18 Lil Wayne
45%
22 P!nk
45%
29 Sam Smith
45%
34 Imagine Dragons
44%
75 Dua Lipa
43%
83 The Black Eyed Peas
42%
38 The Chainsmokers
42%
17 Calvin Harris
41%
25 Flo Rida
41%
54 Demi Lovato
40%
31 DJ Khaled
40%
85 Jennifer Lopez
39%
47 Mariah Carey
39%
26 Chris Brown
38%
57 Wiz Khalifa
37%
41 Avicii
36%
88 Charlie Puth
36%
60 OneRepublic
36%
96 Fifth Harmony
34%
44 Kelly Clarkson
34%
32 Ellie Goulding
33%
91 Halsey
33%
24 Jason Derulo
33%
79 Lorde
33%
68 XXXTentacion
32%
40 Meghan Trainor
31%
58 twenty one pilots
31%
36 Little Mix
30%
93 Carly Rae Jepsen
28%
59 Migos
27%
56 Iggy Azalea
26%
65 LMFAO
26%
53 J. Cole
25%
64 Jessie J
24%
70 5 Seconds of Summer
23%
82 Mark Ronson
23%
94 Train
23%
45 B.o.B
20%
84 Taio Cruz
20%
72 Fun.
19%
73 Blake Shelton
16%
46 Enrique Iglesias
15%
92 Fetty Wap
15%
66 Rita Ora
15%
98 Robin Thicke
14%
43 Clean Bandit
13%
63 Florida Georgia Line
13%
97 Lewis Capaldi
13%
67 Luke Bryan
13%
81 Lady Antebellum
12%
50 The Wanted
12%
52 Mackelmore & Ryan Lewis
11%
90 The Script
9%
62 Jason Aldean
8%
71 Stormzy
8%
78 Jess Glynne
7%
87 Mike Posner
7%
51 Olly Murs
7%
77 Kodak Black
6%
12 The Cast of Glee
6%
86 Trey Songz
6%
89 Kenny Chesney
5%
100 Rudimental
4%
95 Example
3%
61 Tinie Tempah
3%
No matching quizzes found
Score Distribution
Percent of People with Each Score
Percentile by Number Answered
Your Score History
You have not taken this quiz